000 00691nam a22002297a 4500
999 _c6228
_d6228
003 AR-CdUCM
008 190314b ||||| |||| 00| 0 spa d
040 _aMUNICIPALIDAD PROVINCIAL DEL CUSCO
_cBIBLIOTECA MUNICIPAL DEL CUSCO
041 _hrus
082 _a103 /
_bR84
100 _aRosental, M. M.
_914175
245 _aDiccionario Filosófico /
260 _aLima :
_bEdiciones Pueblos Andinos,
_c1980.
300 _a637 páginas ;
_c20 cm.
505 _aContenido: Diccionario.
650 _aFilosofía
_9395
700 _aVidal Roget, Augusto
_917947
700 _aAbollado, Luis
_917948
700 _aAzzati, Arnaldo (traductores)
_917949
942 _2ddc
_cLIBROS
945 _aachl